Top 10 stanów USA z najdłuższą linią brzegową - Statystyki

Ogólne statystyki
  • Ten quiz został rozwiązany 514 razy
  • Średni wynik to 6 z 10
Statystyki odpowiedzi
Km Stan % Poprawnych
2,740 Kalifornia
96%
4,850 Floryda
91%
2,600 Waszyngton
81%
37,300 Alaska
80%
2,440 Teksas
74%
2,590 Karolina Północna
50%
2,350 Luizjana
44%
1,740 Maine
44%
1,640 Wirginia
34%
1,820 Maryland
17%
Nie znaleziono quizów pasujących do podanych kryteriów
Rozkład punktacji
Procent ludzi z każdym wynikiem
Percentyl według liczby udzielonych odpowiedzi
Twoja historia wyników
Nie rozwiązałeś tego quizu